LEADER 01552ojm 2200277z- 450 001 9910148876003321 005 20230912161814.0 010 $a0-00-721886-9 035 $a(CKB)3710000000923991 035 $a(BIP)014060434 035 $a(EXLCZ)993710000000923991 100 $a20231107c2005uuuu -u- - 101 0 $aeng 200 10$aSecret Agent 210 $cHarperCollins UK 330 8 $aIts genesis a real attack on the Greenwich Observatory in 1894, Conrad's novel offers an ironic meditation not only on anarchy and revolution, with all the deception and intrigue they imply, but also on loyalty - to friends and family, to country and ideals.'They swarmed numerous like locusts, industrious like ants, thoughtless like a natural force, pushing on blind and orderly and absorbed, impervious to sentiment, to logic - to terror, too, perhaps.'Considered one of Conrad's most political works, The Secret Agent is set against the dismal backdrop of a drab and alienating London, and tells the story of the bombing of Greenwich Observatory by a group of anarchists.Shopkeeper, spy and reluctant anarchist Mr Verloc becomes embroiled in this terrorist plot, exploiting his mentally disabled brother-in-law Stevie in the process, leading to tragic circumstances. 517 $aSecret Agent, The 610 $aLondon (england) 610 $aFiction 676 $a823/.912 700 $aConrad$b Joseph$0153570 702 $aAckland$b Joss$4oth 906 $aAUDIO 912 $a9910148876003321 996 $aSecret agent$971555 997 $aUNINA LEADER 01441nas 2200397-a 450 001 996211389203316 005 20240413012229.0 035 $a(CKB)954921415432 035 $a(CONSER)---90640754- 035 $a(EXLCZ)99954921415432 100 $a19881116a19889999 --- a 101 0 $aeng 181 $ctxt$2rdacontent 182 $cc$2rdamedia 183 $acr$2rdacarrier 200 00$aJournal of financial management and analysis 210 $aBombay, India $cOm Sai Ram Centre for Financial Management Research and Training$d[1988]- 215 $a1 online resource 300 $aRefereed/Peer-reviewed 300 $aTitle from cover. 311 $aPrint version: Journal of financial management and analysis. (DLC) 90640754 (OCoLC)18767483 0970-4205 517 1 $aJFMA 531 $aJOURNAL OF FINANCIAL MANAGEMENT AND ANALYSIS INTERNATIONAL REVIEW OF FINANCE 531 $aJOURNAL OF FINANCIAL MANAGEMENT AND ANALYSIS 606 $aCorporations$xFinance$vPeriodicals 606 $aCorporations$xFinance$2fast$3(OCoLC)fst00879841 608 $aPeriodicals.$2fast 615 0$aCorporations$xFinance 615 7$aCorporations$xFinance. 676 $a658.15/05 712 02$aOm Sai Ram Centre for Financial Management Research and Training. 906 $aJOURNAL 912 $a996211389203316 920 $aexl_impl conversion 996 $aJournal of financial management and analysis$92413460 997 $aUNISA